00197nam a2200073Ia 4500008004100000082000800041100001200049245006200061240331s9999 xx 000 0 und d bBAL aBall, V 0aTribal and peasant life in the nineteenth centurary India